[Event "South America-ch U20"]
[Site "Guayaquil"]
[Date "2021.11.02"]
[Round "1"]
[White "Flores Quillas, Diego Saul Rodrigo"]
[Black "Ramos Bayas, David Santiago"]
[Result "1-0"]
[WhiteElo "2240"]
[BlackElo "1824"]
[PlyCount "57"]
[EventDate "2021.11.02"]
[EventType "swiss"]
[EventRounds "9"]
[EventCountry "ECU"]
[SourceTitle "CBM 205 Extra"]
[Source "ChessBase"]
[SourceDate "2022.01.31"]
[SourceVersion "1"]
[SourceVersionDate "2022.01.31"]
[SourceQuality "1"]

1. e4 e5 2. Nf3 Nc6 3. Bb5 a6 4. Ba4 Nf6 5. 0-0 Be7 6. Re1 b5 7. Bb3 d6 8. c3 0-0 9. h3 Na5 10. Bc2 c5 11. d4 Qc7 12. d5 c4 13. Nbd2 Re8 14. Nf1 h6 15. Be3 Bf8 16. Ng3 g6 17. Qd2 Kh7 18. Nh4 Bg7 19. Rf1 Nb7 20. f4 exf4 21. Rxf4 Nc5 22. Raf1 Qe7 23. Bd4 Ncd7 24. Nhf5 gxf5 25. Nxf5 Qf8 26. Nxg7 Qxg7 27. e5+ Kh8 28. e6 fxe6 29. Rxf6 1-0

[Event "Preinscritos IRT Online"]
[Site "Chess.com INT"]
[Date "2020.12.26"]
[Round "7"]
[White "Ramos Bayas, David Santiago"]
[Black "Muniz Mosquera, Matthew Joel"]
[Result "1-0"]
[WhiteElo "2011"]
[BlackElo "405"]
[PlyCount "31"]
[EventDate "2020.12.26"]
[EventType "swiss"]
[EventRounds "11"]
[EventCountry "ECU"]
[SourceTitle "CBM 200 Extra"]
[Source "ChessBase"]
[SourceDate "2021.03.31"]
[SourceVersion "1"]
[SourceVersionDate "2021.03.31"]
[SourceQuality "1"]

1. e4 e5 2. Nc3 Qh4 3. Nf3 Qf4 4. d4 d6 5. Bxf4 exf4 6. Nd5 Na6 7. Bxa6 bxa6 8. Nxc7+ Kd8 9. Nxa8 Bb7 10. Qd2 Bxa8 11. Qa5+ Ke7 12. Qc7+ Kf6 13. e5+ Kf5 14. Qxf7+ Ke4 15. 0-0-0 Nh6 16. Rhe1# 1-0

[Event "ECU-ch"]
[Site "Banos de Agua Santa"]
[Date "2020.03.14"]
[Round "7"]
[White "Ramos Bayas, David Santiago"]
[Black "Reinoso Salas, Daniel Alejandro"]
[Result "1/2-1/2"]
[WhiteElo "1790"]
[BlackElo "2095"]
[PlyCount "81"]
[EventDate "2020.03.10"]
[EventType "swiss"]
[EventRounds "9"]
[EventCountry "ECU"]
[SourceTitle "CBM 195 Extra"]
[Source "ChessBase"]
[SourceDate "2020.05.31"]
[SourceVersion "1"]
[SourceVersionDate "2020.05.31"]
[SourceQuality "1"]

1. e4 c5 2. Nc3 a6 3. Nf3 b5 4. d4 e6 5. Be3 Qc7 6. dxc5 Bxc5 7. Qd3 Bxe3 8. Qxe3 Bb7 9. 0-0-0 Ne7 10. e5 Nd5 11. Nxd5 Bxd5 12. Qg5 Kf8 13. Nd4 h6 14. Qf4 Nc6 15. Nxc6 Qxc6 16. Bd3 Qc5 17. Rhg1 Qe7 18. Kb1 Rd8 19. Be4 g5 20. Qf3 Bxe4 21. Qxe4 d5 22. exd6 Rxd6 23. f4 Rxd1+ 24. Rxd1 Kg7 25. fxg5 hxg5 26. a4 Qf6 27. axb5 axb5 28. h3 Rh4 29. Qd3 Rb4 30. c3 Rf4 31. Qxb5 Rf2 32. g4 Rf3 33. c4 Qg6+ 34. Ka2 Rxh3 35. c5 Qc2 36. Rf1 Rh8 37. Rf3 Qe4 38. c6 Qxf3 39. Qxg5+ Kh7 40. Qh5+ Kg7 41. Qg5+ 1/2-1/2

[Event "Pan American-ch U16"]
[Site "Guayaquil"]
[Date "2019.07.22"]
[Round "3"]
[White "Rojas, Steven"]
[Black "Ramos Bayas, David Santiago"]
[Result "1-0"]
[WhiteElo "2030"]
[BlackElo "1760"]
[PlyCount "76"]
[EventDate "2019.07.21"]
[EventType "swiss"]
[EventRounds "9"]
[EventCountry "ECU"]
[SourceTitle "EXT 2020"]
[Source "ChessBase"]
[SourceDate "2019.10.17"]
[SourceVersion "1"]
[SourceVersionDate "2019.10.17"]
[SourceQuality "1"]

1. e4 e5 2. Nf3 Nc6 3. Bb5 a6 4. Ba4 Nf6 5. 0-0 Be7 6. Re1 b5 7. Bb3 0-0 8. h3 d6 9. c3 Na5 10. Bc2 c5 11. d4 Qc7 12. Nbd2 Re8 13. b3 cxd4 14. cxd4 Nc6 15. Bb2 Bf8 16. Rc1 Qb7 17. Nf1 g6 18. Qd2 a5 19. a3 Nh5 20. Ne3 Bh6 21. Qe2 Nf4 22. Qf1 Bd7 23. Rcd1 Rac8 24. Bb1 Bg7 25. Nd5 Ne6 26. dxe5 dxe5 27. Rd2 Ncd4 28. Nxd4 Nxd4 29. f4 Bc6 30. fxe5 Nxb3 31. Rdd1 Red8 32. Nf6+ Kh8 33. Rd6 Nd2 34. Qf4 Nxb1 35. Qh4 h6 36. Bc1 Rxd6 37. Bxh6 Bxf6 38. exf6 g5 1-0

[Event "ECU-ch U16"]
[Site "Guayaquil"]
[Date "2019.04.21"]
[Round "9"]
[White "Castillo Gonzalez, Thomas Davis"]
[Black "Ramos Bayas, David Santiago"]
[Result "1/2-1/2"]
[WhiteElo "1745"]
[BlackElo "1690"]
[PlyCount "36"]
[EventDate "2019.04.17"]
[EventType "swiss"]
[EventRounds "9"]
[EventCountry "ECU"]
[SourceTitle "CBM 190 Extra"]
[Source "ChessBase"]
[SourceDate "2019.07.15"]
[SourceVersion "1"]
[SourceVersionDate "2019.07.15"]
[SourceQuality "1"]

1. c4 e5 2. Nc3 Nf6 3. g3 d5 4. cxd5 Nxd5 5. Bg2 Nb6 6. d3 Nc6 7. Nf3 Be7 8. 0-0 0-0 9. Bd2 Re8 10. Rc1 Bf8 11. Ne4 Nd4 12. Be3 Be6 13. Bxd4 exd4 14. a3 a5 15. Nc5 Bd5 16. Nh4 Bxg2 17. Nxg2 Bxc5 18. Rxc5 Qe7 1/2-1/2

[Event "ECU-ch U16"]
[Site "Guayaquil"]
[Date "2019.04.19"]
[Round "5"]
[White "Esmeraldas Huachi, Anderson Yahir"]
[Black "Ramos Bayas, David Santiago"]
[Result "1/2-1/2"]
[WhiteElo "1781"]
[BlackElo "1690"]
[PlyCount "77"]
[EventDate "2019.04.17"]
[EventType "swiss"]
[EventRounds "9"]
[EventCountry "ECU"]
[SourceTitle "CBM 190 Extra"]
[Source "ChessBase"]
[SourceDate "2019.07.15"]
[SourceVersion "1"]
[SourceVersionDate "2019.07.15"]
[SourceQuality "1"]

1. d4 Nf6 2. c4 e6 3. Nc3 Bb4 4. Bd2 d5 5. cxd5 exd5 6. g3 0-0 7. Bg2 b6 8. Nf3 Bb7 9. 0-0 Nbd7 10. Rc1 a6 11. Qc2 Qe7 12. Nh4 Bxc3 13. Bxc3 Ne4 14. Nf5 Qg5 15. Bxe4 dxe4 16. Ne3 Rac8 17. h4 Qh5 18. Rfd1 Nf6 19. Bb4 Rfe8 20. Qb3 Qxe2 21. Rc2 Qb5 22. a4 Qh5 23. Rdc1 Nd5 24. Qa3 Qh6 25. Nxd5 Bxd5 26. Bd2 e3 27. Bxe3 Qe6 28. Kf1 Bf3 29. Ke1 c5 30. dxc5 Rcd8 31. Qc3 Qd7 32. Rd2 Qxa4 33. cxb6 Qb5 34. Qc4 Qa5 35. b4 Qxb6 36. Rxd8 Qxd8 37. Qxa6 Qd4 38. Qc4 Qb6 39. Qc5 1/2-1/2

[Event "ECU-ch U16"]
[Site "Guayaquil"]
[Date "2019.04.17"]
[Round "2"]
[White "Ramos Bayas, David Santiago"]
[Black "Gonzalez Loaiza, Roberth Alberto"]
[Result "1-0"]
[WhiteElo "1690"]
[BlackElo "1419"]
[PlyCount "51"]
[EventDate "2019.04.17"]
[EventType "swiss"]
[EventRounds "9"]
[EventCountry "ECU"]
[SourceTitle "CBM 190 Extra"]
[Source "ChessBase"]
[SourceDate "2019.07.15"]
[SourceVersion "1"]
[SourceVersionDate "2019.07.15"]
[SourceQuality "1"]

1. e4 c5 2. Nc3 Nc6 3. Nf3 e6 4. d4 cxd4 5. Nxd4 Nf6 6. Nxc6 bxc6 7. e5 Nd5 8. Nxd5 cxd5 9. Bd3 Bc5 10. Qg4 Bf8 11. 0-0 Bb7 12. Be3 Qc7 13. Bd4 g6 14. Rae1 Bg7 15. h4 h5 16. Qg5 Qd8 17. Qg3 0-0 18. c3 d6 19. exd6 Bxd4 20. cxd4 Qd7 21. Rc1 Bc6 22. Bxg6 fxg6 23. Qxg6+ Kh8 24. Qh6+ Kg8 25. Rc3 Rf7 26. Rfc1 1-0

[Event "Pan American-ch U20"]
[Site "Guayaquil"]
[Date "2018.06.19"]
[Round "1"]
[White "Molina Mendoza, Omar"]
[Black "Ramos Bayas, David Santiago"]
[Result "1-0"]
[WhiteElo "2214"]
[BlackElo "1693"]
[PlyCount "79"]
[EventDate "2018.06.19"]
[EventType "swiss"]
[EventRounds "9"]
[EventCountry "ECU"]
[SourceTitle "EXT 2019"]
[Source "ChessBase"]
[SourceDate "2018.10.10"]
[SourceVersion "1"]
[SourceVersionDate "2018.10.10"]
[SourceQuality "1"]

1. Nf3 Nf6 2. g3 g6 3. b3 Bg7 4. Bb2 b6 5. Bg2 Bb7 6. 0-0 0-0 7. c4 c5 8. Nc3 e6 9. d4 cxd4 10. Nxd4 Bxg2 11. Kxg2 d5 12. e3 dxc4 13. Qf3 Nbd7 14. Nc6 Qe8 15. Nb5 Nc5 16. Nc7 Qd7 17. Nxa8 Nfe4 18. Bxg7 Kxg7 19. Ne5 Qd5 20. Nxc4 Qxa8 21. Rfd1 Nf6 22. Qxa8 Rxa8 23. f3 b5 24. Ne5 Nd5 25. Kf2 Rc8 26. e4 Nc3 27. Rd2 N3xe4+ 28. fxe4 Nxe4+ 29. Ke3 Nxd2 30. Kxd2 Rc5 31. Nf3 b4 32. Rc1 Ra5 33. Rc2 e5 34. Kd3 Rb5 35. Kc4 a6 36. Re2 f6 37. Rd2 Rb7 38. Rd6 a5 39. Kd5 Kf7 40. Kc6 1-0

[Event "South America School-ch 33rd"]
[Site "Cochabamba"]
[Date "2017.12.07"]
[Round "7.1"]
[White "Ramos Bayas, David Santiago"]
[Black "Amarilla Sandoval, Alejandro"]
[Result "1-0"]
[WhiteElo "1623"]
[BlackElo "1393"]
[PlyCount "35"]
[EventDate "2017.12.05"]
[EventType "team-tourn"]
[EventRounds "9"]
[EventCountry "BOL"]
[SourceTitle "CBM 182 Extra"]
[Source "ChessBase"]
[SourceDate "2018.02.23"]
[SourceVersion "1"]
[SourceVersionDate "2018.02.23"]
[SourceQuality "1"]
[WhiteTeam "Ecuador"]
[BlackTeam "Paraguay"]
[WhiteTeamCountry "ECU"]
[BlackTeamCountry "PAR"]

1. e4 d5 2. exd5 Qxd5 3. Nc3 Qa5 4. d4 c6 5. Nf3 Bf5 6. Bc4 e6 7. Bd2 Qc7 8. Qe2 Bd6 9. d5 e5 10. Nd4 Ne7 11. Nxf5 Nxf5 12. Qg4 Ne7 13. dxc6 bxc6 14. Qxg7 Ng6 15. Ne4 Bf8 16. Qf6 Qe7 17. 0-0-0 Rg8 18. Bb4 1-0

[Event "South America School-ch 33rd"]
[Site "Cochabamba"]
[Date "2017.12.05"]
[Round "2.1"]
[White "Ramos Bayas, David Santiago"]
[Black "Soriano Quispe, Ivan Excender"]
[Result "1/2-1/2"]
[WhiteElo "1623"]
[BlackElo "1980"]
[PlyCount "116"]
[EventDate "2017.12.05"]
[EventType "team-tourn"]
[EventRounds "9"]
[EventCountry "BOL"]
[SourceTitle "CBM 182 Extra"]
[Source "ChessBase"]
[SourceDate "2018.02.23"]
[SourceVersion "1"]
[SourceVersionDate "2018.02.23"]
[SourceQuality "1"]
[WhiteTeam "Ecuador"]
[BlackTeam "Peru"]
[WhiteTeamCountry "ECU"]
[BlackTeamCountry "PER"]

1. e4 e6 2. d3 d5 3. Nd2 c5 4. Ngf3 Nc6 5. g3 Nf6 6. Bg2 Be7 7. 0-0 b5 8. e5 Nd7 9. Re1 Qc7 10. Qe2 Nb4 11. Nf1 c4 12. d4 a5 13. Bg5 Bf8 14. h4 Ba6 15. Qd2 Rc8 16. a3 Nc6 17. h5 c3 18. Qxc3 b4 19. Qd2 h6 20. Bf4 bxa3 21. bxa3 Na7 22. Ne3 a4 23. Nxd5 Qxc2 24. Qa5 Qc6 25. Nb4 Bxb4 26. axb4 Qb5 27. Qxa4 Nb8 28. Qxb5+ Nxb5 29. Bf1 0-0 30. Ra5 Bb7 31. Rxb5 Bxf3 32. Be2 Nc6 33. Be3 Bxe2 34. Rxe2 Rb8 35. Rxb8 Rxb8 36. b5 Rxb5 37. Rc2 Ne7 38. Rc5 Rb1+ 39. Kg2 Rd1 40. Kf3 Kh7 41. Ke4 Nd5 42. Ra5 Ne7 43. g4 g6 44. hxg6+ Kxg6 45. f4 Nd5 46. f5+ Kg7 47. fxe6 fxe6 48. Ra6 Nc7 49. Rd6 Rf1 50. Bd2 Nb5 51. Rb6 Nc7 52. Bb4 Rf7 53. Rb7 Nd5 54. Rxf7+ Kxf7 55. Bd2 Kg6 56. Kd3 h5 57. gxh5+ Kxh5 58. Ke4 Kg4 1/2-1/2